| 000 | 00519nam a2200181Ia 4500 | ||
|---|---|---|---|
| 001 | 8941 | ||
| 005 | 20260306160647.0 | ||
| 008 | 260306t2009||||xx |||||||||||||| ||spa|| | ||
| 041 | _aESP | ||
| 082 |
_a372 _bA79 2009 |
||
| 100 |
_aAsociación Solaris Perú _eAUT |
||
| 245 | 0 |
_aFortaleciendo capacidades para la mejora de la práctica docente: _buna experiencia de formación docente en servicio |
|
| 260 | _c2009 | ||
| 300 |
_a104 páginas : _c26 cm. |
||
| 650 | _aGEN | ||
| 654 | _aCED | ||
| 942 |
_cREV _dJUS _fJUS _2ddc _n |
||
| 999 |
_c8941 _d8941 |
||